| 000 | 00736nam a22002177a 4500 | ||
|---|---|---|---|
| 999 |
_c9337 _d9337 |
||
| 003 | AR-CdUCM | ||
| 008 | 190327b ||||| |||| 00| 0 spa d | ||
| 040 |
_aMUNICIPALIDAD PROVINCIAL DEL CUSCO _cBIBLIOTECA MUNICIPAL DEL CUSCO |
||
| 082 |
_a869.508 / _bV28 |
||
| 100 |
_aVargas Vicuña, Eleodoro _915768 |
||
| 245 | _aTaita Cristo / | ||
| 260 |
_aLima : _bPopulibros Peruanos. |
||
| 300 |
_a95 páginas ; _c17 cm. |
||
| 500 | _aDonación familia Nieto | ||
| 505 | _aContenido: Taita cristo -- La pascualina -- Pobre negro -- Tata mayo -- En la altura -- Ojos de lechuza... | ||
| 650 |
_aCuentos peruanos _97 |
||
| 650 |
_aTradición peruana _99158 |
||
| 650 |
_aCostumbres populares _925466 |
||
| 942 |
_2ddc _cLIBROS |
||
| 945 | _adavv | ||